4-Substituovaný derivát piperidínu, spôsob jeho prípravy a farmaceutický prostriedok, ktorý ho obsahuje. C 07D 413/04

Podrobná bibliografia
Hlavný autor: Miller, Scott Carson (Autor)
Médium: Kniha
Jazyk:neznámy jazyk
Fyzický popis:24 s.
Vydavateľské údaje: Banská Bystrica Úrad priemyselného vlastníctva SR 2001

MARC

LEADER 00000nam a2200000 a 4500
001 vtls001415731
003 SK-MaSNL
005 20260301120503.0
008 240314sm y0 xo 0 und
035 |a SNK000370473 
040 |a SNK  |b slo  |c SNK  |e AACR2 
044 |a xo  |c SK 
100 1 |a Miller, Scott Carson  |4 aut  |9 463095 
245 1 0 |a 4-Substituovaný derivát piperidínu, spôsob jeho prípravy a farmaceutický prostriedok, ktorý ho obsahuje. C 07D 413/04 
260 |a Banská Bystrica  |b Úrad priemyselného vlastníctva SR  |c 2001 
300 |a 24 s. 
999 |c 726061  |d 727991 
952 |t P60, <04>, [BOOK], {604}  |a SNK  |b SNK  |y VYP  |7 0  |p 17A0305880  |o snkSK 281232  |i snkPS 551/2001  |0 0  |1 0  |4 0  |d 2001-06-22  |l 0  |r 2005-01-02 00:00:00  |w 2026-02-23